000 00969cab a2200289 4500
001 WB2935-15
008 090401t1993 xxu||||| |||| 00| 0 eng d
035 _a(Sirsi) u31182
041 _aeng
245 _aHow green is my superstore?
260 _c1993
350 _a0
490 _aFinancial Times
_v22 September 1993, 22(1)
520 _aAlthough a new store built by US retail group, Wal-Mart, is environmentally friendly in many ways, its location on the edge of town is criticised for encouraging car use. Some architects are turning to village-style planning to avoid sprawl.
650 _aENVIRONMENTAL ARCHITECTURE
650 _aGREEN ISSUES
650 _aOUT-OF-TOWN SHOPPING
650 _aRETAIL PROPERTY
650 _aSUPERSTORES
650 _aUSA
650 _aWAL-MART
690 _aBUILT ENVIRONMENT-CONSTRUCTION DESIGN
690 _aEnvironment
_96238
690 _aPLANNING LAW AND PRACTICE
942 _n0
948 _c04/03/1997
999 _c20946
_d20946